000 00360nam a2200157Ia 4500
001 17158
003 IN-NITTTR
005 20251114233202.0
008 251113s9999||||xx |||||||||||||| ||eng||
040 _beng
040 _cIN-NITTTR
041 _aeng
082 _a375 C936
245 0 _aCurriculum development and educational technology /
942 _2ddc
_cBK
999 _c19792
_d19792